| 000 | 00568nam a2200241 a 4500 | ||
|---|---|---|---|
| 001 | nice12345678 | ||
| 003 | IN_TiNIC | ||
| 005 | 20260116011355.0 | ||
| 008 | 050524s1952 dela grp 000 0 urd | ||
| 020 |
_a _c1.5 |
||
| 082 | 0 | 0 |
_a891.41 _bNIS |
| 100 | _aNisar, Itawi | ||
| 245 | _aMaah-O-Anjum | ||
| 260 |
_aDelhi _bMaktaba Shah Rah _c1952 |
||
| 300 | _a136p | ||
| 500 | _aincludes index and biblioraphy | ||
| 505 | 2 | _ascn book club study project.3 | |
| 650 | _aUrdu-Poetry | ||
| 700 | 1 | _aNisar, Itawi | |
| 902 | _bSRS | ||
| 942 | _cBK | ||
| 999 |
_c959 _d959 |
||